|
|
|
|
| LEADER |
00628cam a2200193 a 4500 |
| 001 |
0000021355 |
| 005 |
20110908090000.0 |
| 040 |
|
|
|a mod
|
| 041 |
|
|
|a eng
|
| 020 |
0 |
0 |
|a T000008265
|
| 090 |
0 |
0 |
|a 341.240
|b LOW
|e 1960
|
| 100 |
1 |
0 |
|a Lowenstein
|h Hubertus Zu
|
| 245 |
1 |
0 |
|a NATO and the defense of the West
|c Hubertus Zu Lowenstein and Volkmar Von Zuhlsdorff
|
| 260 |
0 |
0 |
|a New York
|b Frederick A. Praeger
|c 1960
|
| 300 |
0 |
0 |
|a viii, 383 p.
|c 22 cm
|
| 610 |
0 |
0 |
|a North Atlantic Treaty Organization
|
| 650 |
0 |
0 |
|a North Atlantic treaty Organization
|
| 852 |
0 |
0 |
|a 01
|
| 999 |
|
|
|a L0169996
|b KEMENTAH
|d BOOKS
|e Umum
|f Perpustakaan KEMENTAH
|j AVAILABLE
|q GOOD CONDITION
|